000 00184nam a22000857a 4500
999 _c65033
_d65030
082 _a297.3213
100 _aمھمد زکریا
_aز ک ر
245 _aفضاۂل سدقات
942 _cBK